Friends (TV Show) what season was it? - Statistics

General Stats
  • This quiz has been taken 156 times
  • The average score is 19 of 20
Answer Stats
Hint Answer % Correct
Phoebe finds a Thumb in her soda. season 1
98%
Everyone is late to Monica and Chandler's Thanksgiving Dinner. season 10
98%
Monica and Rachel have to switch apartments with Chandler and Joey after losing a bet. season 4
98%
Ross is kicked out his apartment he had with his former wife Emily and has to move in with Chandler and Joey. season 5
98%
Joey pretends that he owns a Porsche. season 6
98%
Chandler works in Tulsa. season 9
98%
Rachel Dates a guy names Russ who looks alot like Ross. season 2
97%
Ross goes to a tanning salon and get really, really Tan. season 10
96%
Ross invites the gang to a black-tie benefit for work and nobody is ready to go. season 3
96%
Joey and Chandler have free porn on their TV and they have no idea why or how it happened. season 4
96%
Chandler and Rachel eat a bunch of Cheesecakes that were meant for their neighbor. season 7
96%
The gang plays Poker against each other. season 1
95%
Rachel Tries to teach Joey how to sail his new sailboat. season 7
95%
Joey and Chandler temperarily lose Ross's son Ben on a city bus. season 2
93%
Monica and Ross perform their middle school dance routine at Dick clarks new years eve. season 6
91%
When Phoebe married Mike. season 10
90%
Rachel quits her job at Central Perk. season 3
89%
The gang shares memories of Thankgivings' from their past. season 5
89%
Chandler dates Rachel's boss and the boss handcuffs Chandler to a chair in her office. season 4
86%
Chandler gets really into taking baths. season 8
85%
No matching quizzes found
Score Distribution
Percent of People with Each Score
Percentile by Number Answered
Your Score History
You have not taken this quiz